00728nam a2200229Ia 4500008004000000020001800040041000800058082001600066100001700082245005500099260003200154300001300186650001100199650001300210650001700223650001700240650001300257690001800270906001100288999001900299952018000318210210b2018 xxu||||| |||| 00| 0 eng d a9788174823809 aeng a510.02 KUMU aKUMAR (Alok) aUpkars CSIR-UGC NET/JRF/SET: Mathematical Sciences aAgrabUpkar Prakashanc2018 aviii,792 aUpkars aSciences aNET/JRF/SET: aMathematical aCSIR-UGC aUGC/NET Exams a072316 c122178d122178 001040708MathematicsaALbALcMathematicsd2021-02-17eBiblios Book Point, Surathkal-575014g660.00l4o510.02 KUMUp072316r2024-10-24 00:00:00s2024-07-22w2021-02-17yBK